Wortindex zum späten Totenbuch (pTurin 1791) /

محفوظ في:

المؤلف الرئيسي: Backes, Burkhard.

التنسيق: كتاب

اللغة: German

منشور في: Wiesbaden : Harrassowitz, 2005.

سلاسل: Studien zum Altägyptischen Totenbuch ; 9.
SAT ; 9.

الموضوعات:

الوسوم: إضافة وسم

لا توجد وسوم, كن أول من يضع وسما على هذه التسجيلة!

رقم الطلب: PJ1555.1 .S8 v.9

LEADER 00784nam a22002417a 4500
003 OSt
005 20251020123941.0
008 251020t2005 gw b 000 0 ger c
020 |a 3477052589 (alk. paper) 
040 |c ARCE Library 
050 1 4 |a PJ1555.1  |b .S8 v.9 
100 1 |a Backes, Burkhard. 
245 1 0 |a Wortindex zum späten Totenbuch (pTurin 1791) /   |c Burkhard Backes ; unter Mitarbeit von Irmtraut Munro und Simone Stöhr. 
264 1 |a Wiesbaden :   |b Harrassowitz,   |c 2005. 
300 |a x, 198 p. ;   |c 25 cm. 
490 0 |a Studien zum Altägyptischen Totenbuch ;   |v 9. 
490 0 |a SAT ;   |v 9. 
630 0 0 |a Book of the dead -- Indexes. 
630 0 0 |a Papyrus Turin 1791. 
650 0 |a Egyptian language -- Vocabulary. 
901 |a reviewed 
942 |2 lcc  |c BK 
999 |c 50153  |d 50153